00461nam a2200133Ia 4500008004100000024006000041082002100101100007400122245002100196260002600217600003400243650003300277999001700310260210s9999 xx 000 0 und d a04B-024-TE, 04B-061-TE, 04B-013-TE & 04B-020-TE a621.38456072 SHU aShuja Hashmi, Faiz-ur-Rehman Khan, M. Shoaib & Syed Zeeshan Nasir 0aWIMAX Technology aKarachi:bUITU,c2004 aTelecommunication Engineering aBachelor of Engineering (BE) c33537d33537